| 000 | 00762nam a22002057a 4500 | ||
|---|---|---|---|
| 999 |
_c13665 _d13665 |
||
| 003 | AR-CdUCM | ||
| 008 | 190416b ||||| |||| 00| 0 spa d | ||
| 040 |
_aMUNICIPALIDAD PROVINCIAL DEL CUSCO _cBIBLIOTECA MUNICIPAL DEL CUSCO |
||
| 082 |
_a918.5 / _bB47 / 1947 |
||
| 100 |
_aBenoit, Louis J. _932164 |
||
| 245 |
_aViajes por el Perú : _bCentro y sur / |
||
| 260 |
_aLima : _bEdit. P.T.C.M, _c1947. |
||
| 300 |
_a121 paginas ; _bIlustraciones, _c28 cm. |
||
| 505 | _aContenido :Viajes por el centro y sur del Perú --Carretera Central :De Lima a la Oroya --De Oroya a Huancayo --Actuaciones Folkloricas Huancainas ... | ||
| 650 |
_aPerú _935 |
||
| 650 |
_aDescripciones _914121 |
||
| 650 |
_aViajes _9856 |
||
| 942 |
_2ddc _cLIBROS |
||
| 945 |
_arjall _d2019-04-16 |
||